| 000 | 00543nam a2200181 i 4500 | ||
|---|---|---|---|
| 001 | 89664 | ||
| 003 | ES-MaACL | ||
| 005 | 20230906180237.0 | ||
| 007 | t| | ||
| 008 | 050112s1919 sp ||||1| spa d | ||
| 100 | 1 |
_aVillanova, Rafael Lasso de la Vega, _cMarqués de, _d1890-1959 _970477 |
|
| 245 | 1 | 3 |
_aEl corazón iluminado y otros poemas / _cRafael Lasso de la Vega. |
| 250 | _a[2ª ed.]. | ||
| 260 |
_aMadrid : _bEditorial Americana, _c1919. |
||
| 300 |
_a239 p. ; _c17 cm. |
||
| 852 |
_aES-MaACL _jF-3014 |
||
| 999 |
_c89664 _d89664 |
||